The lost river: (Record no. 102140)
[ view plain ]
| 000 -LEADER | |
|---|---|
| fixed length control field | 00608nam a22001937a 4500 |
| 005 - DATE AND TIME OF LATEST TRANSACTION | |
| control field | 20160811115405.0 |
| 010 ## - LCCN (DPL NO) | |
| LC control number | ENG-115718 |
| 020 ## - INTERNATIONAL STANDARD BOOK NUMBER | |
| International Standard Book Number | 9780143068648 |
| Terms of availability | 450.00 |
| 035 ## - SYSTEM CONTROL NUMBER | |
| System control number | EN-99250 |
| 037 ## - SOURCE OF ACQUISITION | |
| Source of stock number/acquisition | DBAD/PUB |
| 082 ## - DEWEY DECIMAL CLASSIFICATION NUMBER | |
| Classification number | 954.01 |
| 100 ## - MAIN ENTRY--PERSONAL NAME | |
| Personal name | Danino,Michel |
| 245 ## - TITLE STATEMENT | |
| Title | The lost river: |
| Remainder of title | on the trail of the Sarasvati / |
| Statement of responsibility, etc | by Michel Danino |
| 260 ## - PUBLICATION, DISTRIBUTION, ETC. (IMPRINT) | |
| Place of publication, distribution, etc | Gurgaon |
| Name of publisher, distributor, etc | Penguin Books |
| Date of publication, distribution, etc | 2010 |
| 270 ## - ADDRESS | |
| City | 7th Floor Infinity Tower C, DLF Cyber City |
| Postal code | Gurgaon ( Haryana) |
| Telephone number | 122002 |
| 300 ## - PHYSICAL DESCRIPTION | |
| Extent | ix,357p.: |
| Other physical details | ill(maps) |
| Dimensions | 22cm(pbk) |
| 500 ## - GENERAL NOTE | |
| General note | Include index |
| 942 ## - ADDED ENTRY ELEMENTS (KOHA) | |
| Source of classification or shelving scheme | Dewey Decimal Classification |
| Item type | English Books |
| Classification part | 954.01 |
| Call number suffix | DAN |
| Withdrawn status | Lost status | Not for loan | Collection code | Home library | Current library | Date acquired | Source of acquisition | Cost, normal purchase price | Full call number | Barcode | Copy number | Cost, replacement price | Koha item type |
|---|---|---|---|---|---|---|---|---|---|---|---|---|---|
| Non-fiction | Bawana | Bawana | 11/08/2016 | DBAD/PUB | 450.00 | 954.01 DAN | EN-99250 | 1 | 450.00 | English Books |
